Contabilización de las subvenciones Una cuestión no considerada en las normas contables argentinas (Registro nro. 11863)

Detalles MARC
000 -LEADER
fixed length control field 00407 a2200121 4500
001 - CONTROL NUMBER
control field ART_10952
005 - DATE AND TIME OF LATEST TRANSACTION
control field 20260410161624.0
008 - FIXED-LENGTH DATA ELEMENTS--GENERAL INFORMATION
fixed length control field 260409a
100 1# - MAIN ENTRY--PERSONAL NAME
Personal name Rondi, Gustavo R.
245 10 - TITLE STATEMENT
Title Contabilización de las subvenciones Una cuestión no considerada en las normas contables argentinas
700 1# - ADDED ENTRY--PERSONAL NAME
Personal name Casal, María del Carmen
773 0# - HOST ITEM ENTRY
Title Enfoques
Related parts - Nº 12 (dic. 2012)
Record control number REV416

No hay ítems disponibles.